LEADER 05005nam 2200637Ia 450 001 9910785572603321 005 20230721013841.0 010 $a1-283-36318-6 010 $a9786613363183 010 $a0-08-092479-4 035 $a(CKB)2670000000069471 035 $a(EBL)631866 035 $a(OCoLC)701704007 035 $a(SSID)ssj0000486744 035 $a(PQKBManifestationID)11307216 035 $a(PQKBTitleCode)TC0000486744 035 $a(PQKBWorkID)10442392 035 $a(PQKB)10100078 035 $a(MiAaPQ)EBC631866 035 $a(Au-PeEL)EBL631866 035 $a(CaPaEBR)ebr10451126 035 $a(CaONFJC)MIL3030613 035 $a(EXLCZ)992670000000069471 100 $a20071206d2008 uy 0 101 0 $aeng 135 $aur|n|---||||| 181 $ctxt 182 $cc 183 $acr 200 10$aPrinciples of environmental physics$b[electronic resource] /$fJohn Monteith, Mike Unsworth 205 $a3rd ed. 210 $aAmsterdam ;$aBoston $cElsevier$dc2008 215 $a1 online resource (440 p.) 300 $aDescription based upon print version of record. 311 $a0-12-505103-4 320 $aIncludes bibliographical references (p. 367-393) and index. 327 $aFront Cover; Principles of Environmental Physics; Copyright Page; Contents; Preface; Acknowledgments; Symbols; Chapter 1 The Scope of Environmental Physics; Chapter 2 Properties of Gases and Liquids; Gases and Water Vapor; Liquid; Stable Isotopes; Problems; Chapter 3 Transport of Heat, Mass, and Momentum; General Transfer Equation; Molecular Transfer Processes; Diffusion Coefficients; Problems; Chapter 4 Transport of Radiant Energy; The Origin and Nature of Radiation; Spatial Relations; Problems; Chapter 5 Radiation Environment; Solar Radiation 327 $aAttenuation of Solar Radiation in the AtmosphereSolar Radiation at the Ground; Terrestrial Radiation; Net Radiation; Problems; Chapter 6 Microclimatology of Radiation (i) Absorption, Reflection, and Transmission; Radiative Properties of Natural Materials; Problems; Chapter 7 Microclimatology of Radiation (ii) Radiation Interception by Solid Structures; Geometric Principles; Diffuse Radiation; Problems; Chapter 8 Microclimatology of Radiation (iii) Interception by Plants and Animals; Interception of Radiation by Plant Canopies; Interception of Radiation by Animal Coats; Net Radiation; Problems 327 $aChapter 9 Momentum TransferBoundary Layers; Momentum Transfer to Natural Surfaces; Lodging and Windthrow; Problems; Chapter 10 Heat Transfer; Convection; Measurements of Convection; Conduction; Insulation; Problems; Chapter 11 Mass Transfer (Gases and Water Vapor); Non-Dimensional Groups; Measurements of Mass Transfer; Ventilation; Mass Transfer through Pores; Coats and Clothing; Problems; Chapter 12 Mass Transfer (Particles); Steady Motion; Non-Steady Motion; Particle Deposition; Problems; Chapter 13 Steady State Heat Balance (i) Water Surfaces, Soil, and Vegetation; Heat Balance Equation 327 $aHeat Balance of ThermometersHeat Balance of Surfaces; Developments from the Penman Equation; Problems; Chapter 14 Steady State Heat Balance (ii) Animals; Heat Balance Components; The Thermo-Neutral Diagram; Specification of the Environment; Case Studies; Sheep; Problems; Chapter 15 Transient Heat Balance; Time Constant; General Cases; Heat Flow in Soil; Problems; Chapter 16 Micrometeorology (i) Turbulent Transfer, Profiles, and Fluxes; Turbulent Transfer; Flux-Gradient Methods; Methods for Indirect Measurements of Flux above Canopies; Relative Merits of Methods of Flux Measurement 327 $aTurbulent Transfer in CanopiesDensity Corrections to Flux Measurements; Problems; Chapter 17 Micrometeorology (ii) Interpretation of Measurements; Resistance Analogues; Case Studies; Transport within Canopies; Problems; References; Bibliography; Appendix A; Solutions to Selected Problems; Index; A; B; C; D; E; F; G; H; I; K; L; M; N; O; P; Q; R; S; T; U; V; W; Z 330 $aEnvironmental Physics concerns the description and analysis of physical processes that establish the conditions in which all species of life survive and reproduce. The subject involves a synthesis of mathematical relations that describe the physical nature of the environment and the many biological responses that environments evoke. Environmental Physics provides a basis for understanding the complex responses of plants and animals to environmental change.International concern with climate change has made both politicans and the general public much more aware of the impac 606 $aBiophysics 606 $aEcology 615 0$aBiophysics. 615 0$aEcology. 676 $a577/.1 700 $aMonteith$b John Lennox$077799 701 $aUnsworth$b M. H$01562991 801 0$bMiAaPQ 801 1$bMiAaPQ 801 2$bMiAaPQ 906 $aBOOK 912 $a9910785572603321 996 $aPrinciples of environmental physics$93831085 997 $aUNINA LEADER 04629nam 2201201 450 001 9910786897903321 005 20230803204141.0 010 $a1-4008-6514-X 024 7 $a10.1515/9781400865147 035 $a(CKB)3710000000217724 035 $a(EBL)1753403 035 $a(OCoLC)886539940 035 $a(SSID)ssj0001291444 035 $a(PQKBManifestationID)11735434 035 $a(PQKBTitleCode)TC0001291444 035 $a(PQKBWorkID)11247432 035 $a(PQKB)11212825 035 $a(MiAaPQ)EBC1753403 035 $a(StDuBDS)EDZ0001755726 035 $a(MdBmJHUP)muse41642 035 $a(DE-B1597)454050 035 $a(OCoLC)979595305 035 $a(DE-B1597)9781400865147 035 $a(Au-PeEL)EBL1753403 035 $a(CaPaEBR)ebr10906010 035 $a(EXLCZ)993710000000217724 100 $a20140819h20142014 uy 0 101 0 $aeng 135 $aur|||||||nn|n 181 $ctxt 182 $cc 183 $acr 200 10$aProfane culture /$fPaul E. Willis ; with a new preface by the author 205 $aUpdated edition with a New Preface 210 1$aPrinceton, New Jersey :$cPrinceton University Press,$d2014. 210 4$dİ2014 215 $a1 online resource (305 p.) 300 $aIncludes index. 311 $a0-691-16369-3 320 $aIncludes bibliographical references and index. 327 $tFront matter --$tContents --$tMoments. Preface to the 2014 Edition --$t1. Introduction: Profanity and Creativity --$tPart One --$t2. The Motor-bike Boys --$t3. The Motor-bike --$t4. The Golden Age --$tPart Two --$t5. The Hippies --$t6. The Experience of Drugs --$t7. The Creative Age --$t8. Conclusions Cultural Politics --$tEpilogue --$tTheoretical Appendix --$tNotes --$tIndex 330 $aA classic of British cultural studies, Profane Culture takes the reader into the worlds of two important 1960's youth cultures-the motor-bike boys and the hippies. The motor-bike boys were working-class motorcyclists who listened to the early rock 'n' roll of the late 1950's. In contrast, the hippies were middle-class drug users with long hair and a love of progressive music. Both groups were involved in an unequal but heroic fight to produce meaning and their own cultural forms in the face of a larger society dominated by the capitalist media and commercialism. They were pioneers of cultural experimentation, the self-construction of identity, and the curating of the self, which, in different ways, have become so widespread today. In Profane Culture, Paul Willis develops an important and still very contemporary theory and methodology for understanding the constructions of lived and popular culture. His new preface discusses the ties between the cultural moment explored in the book and today. 606 $aHippies$zEngland 606 $aMotorcyclists$zEngland 606 $aPopular culture$zEngland 606 $aSubculture$zEngland 610 $a1950s. 610 $a1960s. 610 $abike culture. 610 $acommodities. 610 $aconsciousness. 610 $acontrol agencies. 610 $acultural development. 610 $acultural items. 610 $acultural politics. 610 $adeaths. 610 $adialectic relationship. 610 $adrug effects. 610 $adrug experiences. 610 $adrugs. 610 $aexpanded awareness. 610 $ahippies. 610 $ahippy culture. 610 $ahippy identity. 610 $ahippy life-style. 610 $ahippy scene. 610 $aidentity. 610 $amasculinity. 610 $amechanical skill. 610 $amiddle class. 610 $amodern society. 610 $amodern technology. 610 $amods. 610 $amotor-bike boys. 610 $amotor-bike club. 610 $amotor-bike. 610 $amotor-cycle. 610 $amotorcyclist. 610 $amysticism. 610 $apop music. 610 $aprofanity. 610 $aprogressive music. 610 $aprogressive pop music. 610 $arock 'n' roll. 610 $aspirituality. 610 $atime. 610 $aunderprivileged groups. 610 $aworking class. 610 $ayouth culture. 615 0$aHippies 615 0$aMotorcyclists 615 0$aPopular culture 615 0$aSubculture 676 $a305.5/680942 700 $aWillis$b Paul E.$0144666 701 $aWillis$b Paul E$0144666 801 0$bMiAaPQ 801 1$bMiAaPQ 801 2$bMiAaPQ 906 $aBOOK 912 $a9910786897903321 996 $aProfane culture$9146508 997 $aUNINA